Statistics for American Inventions #2

Click here to take the quiz!

General Stats

  • This quiz has been taken 14,837 times
  • The average score is 16 of 22

Answer Stats

ClueAnswer% Correct
Popular variety of denim pantsBlue Jeans
91%
Makes your cursor moveMouse
90%
Method of closing your flyZipper
88%
Uses satellites to find your locationGPS
87%
What the British call "crisps"Potato Chips
86%
What checkout scanners readBarcode
82%
Toy spring that can descend stairs
and not much else
Slinky
81%
Styling product in an aerosol canHair Spray
80%
Deepfried hot dog coated in batterCorn Dog
79%
Faster way to shoot lots of peopleMachine Gun
76%
Uniquely American method of executionElectric Chair
73%
Prophetic dessert, usually
thought to be Chinese
Fortune Cookie
73%
Secures your waste paper from snoopersPaper Shredder
71%
Tube for storing lots of grainSilo
68%
Convenient morning foodBreakfast Cereal
65%
Originally used a peach basket -
the net came later
Basketball
61%
Gambling device called a
one-armed bandit
Slot Machine
61%
Pharmaceutical way to keep the
population in check
Birth Control Pill
58%
Alternative to rakingLeaf Blower
58%
Separates cotton from seedsCotton Gin
54%
First way to record and play back musicPhonograph
43%
Speech-making politician's best friendTeleprompter
43%

Score Distribution

Percentile by Number Answered

Percent of People with Each Score

Your Score History

You have not taken this quiz